000 00519nam a22001697a 4500
999 _c8949
_d8949
008 210306b ||||| |||| 00| 0 eng d
040 _aBMS College of Architecture
100 _aMohan Preethi
245 _aCenter of fashion design and technology
300 _aNA
500 _a1BM08AT035
502 _8B.Arch
_NBMS College Architecture, Visvesvaraya Technological University (VTU)
_aProject report
_d2013
650 _aFashion
700 _aVaseem A S
_eGuide
700 _aSathish S Rao
_eGuide
942 _2ddc
_cTHE